Zahraničná politika KĽDR: ideové východiská a nástroje

Problematika špecifických nástrojov zahraničnej politiky KĽDR. Charakter severokórejskej zahraničnej politiky, jej základné črty a nástroje. Odlišné koncepty používané odborníkmi vo vzťahu k správaniu KĽDR. Dva hlavné nástroje zahraničnej politiky, a to jadrový a raketový program. Otázka odzbrojenia...

Descrizione completa

Salvato in:
Dettagli Bibliografici
Autore principale: Husenicová, Lucia
Natura: Capitolo di libro
Lingua:slovacco
Soggetti:
Tags: Aggiungi Tag
Nessun Tag, puoi essere il primo ad aggiungerne!!

MARC

LEADER 00000naa a2200000 4500
001 0262416
005 20200218090154.1
041 0 |a slo 
044 |a SK 
245 1 0 |a Zahraničná politika KĽDR: ideové východiská a nástroje  |c Lucia Husenicová 
520 |a Problematika špecifických nástrojov zahraničnej politiky KĽDR. Charakter severokórejskej zahraničnej politiky, jej základné črty a nástroje. Odlišné koncepty používané odborníkmi vo vzťahu k správaniu KĽDR. Dva hlavné nástroje zahraničnej politiky, a to jadrový a raketový program. Otázka odzbrojenia jadrového programu. 
610 2 0 |a zbrane 
610 2 0 |a zbrojenie 
610 2 0 |a politika zahraničná 
610 2 0 |a Kórea 
610 2 0 |a ideológia 
100 1 |a Husenicová, Lucia